=LDR 00000nam 2200000 4500 =001 INLIS000000000033493 =005 20130612135437 =008 ***********************************ind** =035 ##$$0010-061300000033493 =041 ##$$a ind =082 ##$$a 658.7 =090 ##$$a 658.7, Kod,p =100 ##$$a Kodoatie,Robert j =245 ##$$a Pengantar Manajemen InfrasTruktur, Robert J. Kodoatie =260 ##$$a 2005 $b Yogyakarta =300 ##$$a xviii,447 hlm., Illus., 23 cm =650 ##$$a Manajemen Sarana dan Prasarana =850 ##$$a NBPNMAT =990 ##$$a 0001/BPAP-NTB/2015 =990 ##$$a 21005959